Post Colonial Studies and Beyond (Record no. 15594)

MARC details
000 -LEADER
fixed length control field 00661nam a2200265 a 4500
020 ## - INTERNATIONAL STANDARD BOOK NUMBER
ISBN 8178242036
082 00 - DEWEY DECIMAL CLASSIFICATION NUMBER
Classification number 306
Author Cutter LOO
100 ## - MAIN ENTRY--AUTHOR NAME
Author name Loomba, Ania
245 ## - TITLE STATEMENT
Title Post Colonial Studies and Beyond
260 ## - PUBLICATION, DISTRIBUTION, ETC. (IMPRINT)
Place of publication Delhi
Name of publisher Permanent Black
Year of publication 2006
300 ## - PHYSICAL DESCRIPTION
Number of Pages 499p
500 ## - GENERAL NOTE
General note includes index and biblioraphy
505 2# - FORMATTED CONTENTS NOTE
Formatted contents note biblio, index
650 ## - SUBJECT ADDED ENTRY--TOPICAL TERM
Topical Term Comparative Religion
650 ## - SUBJECT ADDED ENTRY--TOPICAL TERM
Topical Term Post Colonial Theory
942 ## - ADDED ENTRY ELEMENTS (KOHA)
Koha item type Books
700 1# -
-- Suvir, Kaul
700 1# -
-- Matti, Bunal
Holdings
Collection code Home library Current library Date acquired Cost, normal purchase price Full call number Accession Number Koha item type
  Henry Martyn Institute Library Henry Martyn Institute Library 03/07/2012 395.00 306 LOO 022263 Books
                   Copyright © 2026 | Henry Martyn Institute | Hyderabad | TS-500052 | INDIA | Implemented by hmi.edu.in
Hit-Count:

Powered by Koha